000 00261nam a22001217a 4500
008 170713b xxu||||| |||| 00| 0 eng d
041 _aeng
080 _a101
100 _a24
101 _aFIL
245 _aTHE GREAT PHILOSOPHERS
_cJASPERS,K
942 _2udc
_cBK
999 _c20639
_d20639